[Event "WchT 11th"]
[Site "Khanty-Mansiysk"]
[Date "2017.06.23"]
[Round "6.2"]
[White "Yilmaz, Mustafa"]
[Black "Adhiban, Baskaran"]
[Result "1-0"]
[WhiteElo "2630"]
[BlackElo "2670"]
[Annotator "Sagar Shah"]
[PlyCount "169"]
[EventDate "2017.06.17"]
[EventType "team-tourn"]
[EventRounds "9"]
[EventCountry "RUS"]
[SourceTitle "CBM 179"]
[Source "ChessBase"]
[SourceDate "2017.07.12"]
[SourceVersion "1"]
[SourceVersionDate "2017.07.12"]
[SourceQuality "1"]
[WhiteTeam "Turkey"]
[BlackTeam "India"]
[WhiteTeamCountry "TUR"]
[BlackTeamCountry "IND"]

1. d4 d5 2. c4 e6 3. Nf3 Nf6 4. Nc3 c6 5. e3 Nbd7 6. Qc2 Bd6 7. Bd3 O-O 8. O-O
dxc4 9. Bxc4 Qe7 (9... b5 {is the normal way to play in the Meran. But Adhiban
goes for a line that is not played so much now.}) 10. h3 e5 11. Bb3 Bc7 12. Rd1
h6 $6 (12... Rd8 13. Nh4 (13. Ng5 Rf8 $11) 13... Nf8 $11) 13. Nh4 Rd8 14. Nf5
Qf8 15. Nb5 $1 Bb8 (15... Bb6 16. Nbd6 $18) 16. dxe5 Nxe5 17. Rxd8 Qxd8 18.
Nbd4 $14 a5 19. a4 Ba7 20. Bd2 c5 $5 21. Nb5 c4 22. Ba2 {Black has bitten off
more than he can chew. Now there are weaknesses all over in the position and
so Adhiban has to continue with his aggressive play.} Nf3+ (22... Bxf5 23. Qxf5
Qxd2 24. Qxe5 $16) 23. gxf3 Bxf5 24. Qxf5 Qxd2 25. Bxc4 {The most human move
to play.} (25. Nxa7 $1 {was the winning move, but it is very difficult to see
through all the complications.} Qxb2 26. Rd1 $3 Qxa2 27. Nc8 {Now threatening
Rd8+.} g6 28. Rd8+ Kg7 29. Qc5 {There's a mate on f8} Qb1+ 30. Kg2 Qb4 {
This might have been what Yilmaz saw and left it. But White has a killer move.}
31. Qc7 $3 {The idea is to play Nd6.} h5 32. e4 $3 $18 {Once again Black is
all tied up and e5-e6 is just too powerful.}) 25... Bb6 26. Qd3 Rd8 27. Qb3 Qd7
28. Kg2 $16 {Adhiban is a pawn down and has a huge defensive task ahead. Not
that he is not capable of defending such positions. He has done much better
before. But landing in such situations is not a good idea, in any case!} Nh7
29. h4 Bc5 30. Nc3 Qe7 31. Rd1 Rxd1 32. Qxd1 Nf6 (32... Qxh4 33. Bxf7+ Kxf7 34.
Qd5+ $16) 33. Qd3 Bb4 34. Ne2 Nd7 35. Qf5 Ne5 36. Bd5 b6 37. f4 Nd7 38. Ng3 {
The opposite coloured bishops are making Black's defensive task tougher
because White is playing on the light squares.} Nf6 39. Bb3 Qc7 40. e4 Qc6 41.
Qg6 Qb7 42. Kf1 Kf8 43. Qf5 Qd7 $1 44. Qxd7 Nxd7 {This is just what the doctor
ordered for Black. The queens are off and the drawing chances have increased.}
45. Bc2 Bd2 46. f5 Ne5 47. Ke2 Bf4 48. Nh5 Bc1 49. b3 Ng4 50. Kf3 Ne5+ 51. Kg3
Nc6 52. Bd1 Nd4 53. Nf4 Bxf4+ $2 {A bad decision by Adhiban that lands him in
a lost endgame.} (53... b5 $1 {keeping the bishops on the board would have
increased his chances of draw.}) 54. Kxf4 Ke7 55. e5 f6 56. Ke4 fxe5 57. f4 $1
{It could be that Adhiban missed this.} Nc6 58. fxe5 $18 {Now White is just
winning and went on to convert the game, but we have a interesting case of a
photographic draw pointed out by one of the readers.} Nb4 59. Be2 {Position
number one - Ke4, Be2 vs Ke7, Nb4 and Black to play.} Nc6 60. Bf3 Nb4 61. Bg2
Nc2 62. Bf1 Nb4 63. Be2 {Position number two - Ke4, Be2 vs Ke7, Nb4 and Black
to play.} Nc2 64. Kd3 Nb4+ 65. Kc4 Nc6 66. Kd5 Nb4+ 67. Kd4 Nc6+ 68. Ke4 Nb4 {
Now one might assume that this is the third time that the position was
repeated and claim a photographic draw. However, a difference is that it is
White to play here, and while on the last two occasions it was Black to play.
Hence, this is not a draw yet.} 69. Bb5 Nc2 70. Bf1 Nb4 71. Kd4 (71. Be2 {
would have been a photographic draw.}) 71... Nc2+ 72. Kd3 Ne1+ 73. Ke3 Nc2+ 74.
Ke4 Nb4 75. Kd4 Nc2+ 76. Kd3 Ne1+ 77. Kc4 $1 Nf3 78. Kb5 Nxe5 79. Kxb6 Kd6 80.
Kxa5 Nc6+ 81. Kb6 Nd4 82. a5 Nxb3 83. a6 Nc5 84. a7 Nd7+ 85. Ka5 {Quite an
untypical loss for Adhiban after three excellent wins in the last three rounds.
} 1-0

[Event "WchT 11th"]
[Site "Khanty-Mansiysk"]
[Date "2017.06.20"]
[Round "4.3"]
[White "Sasikiran, Krishnan"]
[Black "Robson, Ray"]
[Result "1-0"]
[WhiteElo "2669"]
[BlackElo "2656"]
[Annotator "Sasikiran,K"]
[PlyCount "75"]
[EventDate "2017.06.17"]
[EventType "team-tourn"]
[EventRounds "9"]
[EventCountry "RUS"]
[SourceTitle "CBM 179"]
[Source "ChessBase"]
[SourceDate "2017.07.12"]
[SourceVersion "1"]
[SourceVersionDate "2017.07.12"]
[SourceQuality "1"]
[WhiteTeam "India"]
[BlackTeam "US of America"]
[WhiteTeamCountry "IND"]
[BlackTeamCountry "USA"]

1. d4 {Hillarp Persson,T} d5 2. c4 c6 3. Nf3 Nf6 4. Nc3 e6 5. e3 Nbd7 6. Qc2
Bd6 7. Be2 O-O 8. O-O dxc4 9. Bxc4 b5 10. Be2 Bb7 11. a3 {A comparitively rare
move instead of Rd1 or e4.} a5 ({Hillarp Persson,T: Ehlvest,J (2622)-Ippolito,
D (2373) Philadelphia 2000 saw a beautiful exhibition of the b4-idea:} 11... a6
$5 12. b4 a5 13. Rb1 axb4 14. axb4 Qe7 15. Qb3 Nd5 16. e4 $1 Nxc3 (16... Nxb4
$2 17. e5) 17. Qxc3 e5 (17... Nb6 18. Bd3 Ra4 19. e5 Bxb4 20. Bxh7+ $1 Kxh7 21.
Rxb4 Rxb4 $2 22. Ng5+ Kg8 23. Qh3 $18) 18. dxe5 Nxe5 19. Nd4 g6 20. Bh6 Rfd8
21. f4 c5 22. Nxb5 cxb4 23. Qb2 Bc5+ 24. Kh1 Be3 (24... Bxe4 25. fxe5 Bxb1 26.
e6 f6 27. Rxb1 $40) 25. Bg5 f6 26. fxe5 Bxg5 27. exf6 {and White went on to
win. (Hillarp Persson,T)}) (11... Re8 {has been played by Shirov lately, so it
should be taken seriously. (Hillarp Persson,T)}) 12. e4 e5 13. Rd1 Qc7 $5 (
13... Qb8 $5) (13... exd4 $5 {as seen in a corr. 2016 game and ...Qb8 are
valid alternatives. is probably premature (Hillarp Persson,T):} 14. Nxd4 Qc7
15. g3 Be5 $1 16. Nf3 Bxc3 17. bxc3 Rfe8 18. Bf4 Qb6 19. e5 Nd5 (19... Ng4 20.
Rxd7 Qxf2+ 21. Kh1 Rxe5 22. Ra2 $18) 20. c4 bxc4 21. Ng5 Nf8 22. Bxc4 $16) 14.
dxe5 (14. g3 $5 {Nakamura-Giri, Bilbao 2016} Rfe8 {Hillarp Persson,T} 15. dxe5
Nxe5 16. Bg5 Nxf3+ 17. Bxf3 Be5 18. Bxf6 gxf6 19. Bg4 {Nakamura,H (2787)-Giri,
A (2785) Bilbao 2016, led to a slight advantage for White, but it was nothing
that Giri could not handle.}) 14... Nxe5 15. Nd4 Neg4 $5 {The first line of
the engine and hence it is hard to miss this move in preparation.} (15... Bc5
$5 16. Bf4 Bxd4 17. Rxd4 Nf3+ 18. Bxf3 Qxf4 {Otspere-Narozhny corr. 2013. I
thot White had a small edge here with the possibility to advance in the centre
and Black's queenside is not exactly easy to activate.}) (15... Ng6 $5 16. g3
$14) 16. Bxg4 $1 {The start of a forced sequence after which the black bishop
will find itself trapped in White's territory and play takes on a completely
different course.} Bxh2+ $1 {After a ten minute think, Ray correctly decides
that he has to take the pawn as the alternative ...Ng4 leads to somewhat worse
position without counterplay.} (16... Nxg4 17. h3 Nf6 (17... Ne5 18. Nf5 Bc5
19. Bf4 $1 Bc8 (19... Nf3+ $2 20. gxf3 Qxf4 21. Ne2 Qg5+ 22. Kh1 Bxf2 23. Rg1
$18) 20. Ne2 $5 $14 {with Ned4 to follow and the queenside pawns come under
pressure.}) 18. Bg5 $14) 17. Kf1 $1 (17. Kh1 $2 Nxg4 18. g3 Bxg3 $1 19. fxg3
Qxg3 20. Qg2 Nf2+ {wins}) 17... Nxg4 18. g3 $8 f5 $5 {A very reasonable move 
(albeit not the best), it cost a lot of time for my opponent. He had about 25
minutes (although with 30 seconds increment) to make it to next time control 
(at move 40), whereas I had spent only 10 minutes to reach this position.} (
18... b4 19. Bf4 $16 {and the black queen does not have the a5-square which is
one of the key points of including a3 and a5.}) (18... Nxf2 $5 19. Nd5 $1 (19.
Qxf2 Bxg3 20. Qf3 f5 $1 {leads to sharp play where Black is no worse.}) 19...
Qe5 (19... Qd7 20. Qxf2 cxd5 21. Qxh2 dxe4 22. Be3 $14) (19... Qxg3 20. Ne7+
Kh8 21. Qxf2 $14) 20. Bf4 Qxe4 21. Kxf2 Qxc2+ 22. Nxc2 cxd5 23. Nd4 $14 {
and White traps the piece on h2. Despite enough material compensation (three
pawns for the piece), White's position is somewhat preferable as Black's
queenside pawns come under attack and the blockade on d4 is unassailable.}) (
18... Bxg3 $1 {The best way to sacrifice the piece.} 19. fxg3 f5 20. Bf4 (20.
Nxf5 Qxg3 21. Qg2 Rxf5+ 22. exf5 Nh2+ 23. Kg1 Nf3+ 24. Kf1 Nh2+ $11) 20... fxe4
21. Qxe4 Qf7 22. Qe6 Qxe6 23. Nxe6 Ne3+ 24. Kf2 Nxd1+ 25. Rxd1 Rf7 26. Ne4 $5
Re8 27. N6c5 Bc8 $13 {and the game goes on and each side has its trumps.
White's pieces are more active whereas Black has more material.}) 19. Bf4 $1 {
Practically the only move although it took almost 14 minutes to remember the
lines and convince myself of its correctness.} Qf7 (19... fxe4 20. Bxc7 Ne3+
21. Ke2 $18) 20. Nxf5 $1 Qh5 $2 {Finally time pressure takes its toll and my
opponent commits a fatal error.} ({According to my analysis the only move was} 
20... g6 21. f3 $1 Bxg3 22. Bxg3 Ne3+ 23. Nxe3 Qxf3+ 24. Kg1 Qxg3+ (24... Qxe3+
25. Kg2 Qf3+ 26. Kh2 Qh5+ 27. Kg1 Rf3 28. Rd3 Raf8 29. Rad1 $16) 25. Ng2 $14 {
with Rd3 to follow and White is somewhat better as the attack is repulsed.}) (
20... Bxg3 21. Bxg3 g6 22. f3 {transposes.}) 21. Rd7 $1 {In a blitz game, I
would have played this very quickly hitting g7 and b7 and making way for the
white king, but over the board I wanted to be sure and spent almost 15 minutes
calculating the lines.} Rxf5 (21... Bxg3 22. Bxg3 Rxf5 23. exf5 Qh1+ 24. Ke2
Re8+ 25. Kd2 Qxa1 26. Qb3+ $1 $18 {clearing c2 for the king and winning the
bishop on b7.} (26. Rxb7 $4 Qe1+ 27. Kd3 Rd8+ $19)) (21... Qh3+ 22. Ke1 Rae8
23. Rxg7+ Kh8 24. Rxb7 Rxf5 25. Qd2 $1 $18) (21... Bc8 22. Rxg7+ Kh8 23. Rxg4
Rxf5 24. Qd1 $1 $18) (21... Rf7 22. Qb3 $1 $18) 22. exf5 (22. Rxb7 $4 Rxf4 23.
gxf4 Bxf4 $19) 22... Qh3+ 23. Ke1 $5 {Although the computer says Ke2 is
possible, I wanted to keep the option of leaving f2 protected by queen and
avoid any ...Nf2 tricks.} (23. Ke2 Qg2 24. Qb3+ Kh8 25. Qf7 Qxf2+ 26. Kd3 $18)
23... Re8+ 24. Kd2 $1 {The king clears the way for the other rook to join.} (
24. Ne2 Bc8 25. Qxc6 Bxd7 26. Qxd7 Nf6 $11) 24... Bc8 25. Qb3+ $5 {It is hard
to criticise this move where White has no risk at all and comfortably wins the
endgame, but by sheer brute force the engine concludes that White had a better
option.} (25. Rd6 Qg2 26. Re1 Qxf2+ 27. Re2 Rxe2+ 28. Nxe2 Nf6 29. Rd8+ Kf7 30.
Rxc8 $18) 25... Kh8 26. Qf7 $5 (26. Rd6 $1 Qh5 27. Re1 $1 Bxf5 28. Rxe8+ Qxe8
29. Nxb5 $1 $18) 26... Bxd7 27. Re1 $3 {The main point of the piece sacrifice.
Black cannot avoid losing the piece back and White's pieces are well placed to
deal with the weak queenside pawns.} (27. Qxd7 Nf6 28. Qxc6 Rd8+ 29. Ke1 (29.
Kc2 Qxf5+ 30. Kb3 Rc8 $1 $17) 29... Re8+ 30. Ne2 Qxf5 31. Rd1 $14) 27... Rg8 (
27... Rd8 28. Qe7 Rg8 29. Qxd7 $18) (27... Nf6 28. Rxe8+ Bxe8 29. Qf8+ Ng8 30.
Qxe8 Qxf5 31. Qxc6 b4 32. axb4 axb4 33. Ne4 $18) 28. Qxd7 Nxf2 {Desperation,
but the alternatives offered no pratical chances at all.} (28... Nf6 29. Qxc6
Qxf5 30. Qxb5 Rd8+ 31. Kc1 $18) (28... Qg2 29. Re8 Qxf2+ 30. Ne2 Nf6 (30... h6
31. Rxg8+ Kxg8 32. Qe8+ Kh7 33. Qg6+ $18) 31. Rxg8+ Nxg8 32. Be5 Nf6 33. Qc8+
Ng8 34. Qf8 Qa7 35. f6 $18) 29. Re8 $1 {Exchanging the last defender of the
black king.} h5 (29... h6 30. Rxg8+ (30. Be5 Qg4 31. Re6 $18) 30... Kxg8 31.
Qe8+ Kh7 32. f6 $18) 30. Rxg8+ Kxg8 31. Qe8+ Kh7 32. Qg6+ $5 {Although I had
seven minutes more than my opponent to make it to the time control, I thought
an extra minute on the clock would be useful to finish the game efficiently.}
Kg8 33. Qe8+ Kh7 34. f6 $1 {The only way as White includes another unit in the
attack.} Ng4 (34... gxf6 35. Qf7+ Kh8 36. Qxf6+ Kh7 37. Qf7+ Kh8 38. Be5#) (
34... Bxg3 35. Bxg3 Qxg3 36. Qxh5+ Kg8 37. Qe8+ Kh7 38. f7 $18) 35. Qe4+ $1 {
Stopping ...Nf6 and ensuring that White will be a full queen ahead.} (35. f7
Nf6 $18 {is only a piece up.}) 35... Kg8 (35... g6 36. Qe7+ $18) 36. Qe6+ Kh7
37. f7 (37. Qf5+ $1) 37... Bxg3 (37... Qg2+ 38. Ne2 $18) 38. f8=Q 1-0